Basic Latvian vocabulary - Statistics

General Stats
  • This quiz has been taken 52 times
  • The average score is 16 of 38
Answer Stats
Hint Answer % Correct
no
76%
yes
67%
hello sveiki
67%
1st sg. (I) es
62%
good day labdien
57%
thank you paldies
57%
and un
57%
1 viens
57%
bye atā
52%
2 divi
52%
good morning labrīt
52%
3 trīs
52%
please lūdzu
48%
5 pieci
48%
2nd sg. (you) tu
48%
4 četri
43%
good evening labvakar
43%
goodbye uz redzēšanos
43%
with ar
38%
8 astoņi
38%
to be būt
38%
10 desmit
38%
9 deviņi
38%
7 septiņi
38%
6 seši
38%
3rd sg. fem. (she) viņa
38%
3rd pl. masc. (they) viņi
38%
3rd sg. masc. (he) viņš
38%
who, what kas
33%
thank you very much liels paldies
33%
1st pl. (we) mēs
33%
3rd pl. fem. (they) viņas
33%
2nd pl. (you) jūs
29%
or vai
29%
about, than, as par
19%
cheers priekā
19%
you're welcome nav par ko
14%
sorry piedodiet
14%
No matching quizzes found
Score Distribution
Percent of People with Each Score
Percentile by Number Answered
Your Score History
You have not taken this quiz